000 00752nam a2200265Ia 4500
003 OSt
005 20220928131059.0
006 a|||||r|||| 00| 0
007 ta
008 220927b |||||||| |||| 00| 0 eng d
024 _a41737
037 _cTextual
040 _aSDCL
_cSDCL
_beng
041 _2eng
_aeng
082 _aD6,8(B2895), P8
100 _aCassandras Christos G
_9477030
245 0 _aIntroduction to discrete event systems.
250 _a2
260 _aNew York
_b Springer
_c2008
300 _axxiii,769p.
_ccm.
650 _aDiscrete Structures
700 _a Lafortune Stephane
_9477031
942 _hD6,8(B2895), P8
_cTEXL
_2CC
999 _c789490
_d789490